El turismo rural: estructura económica y configuración territorial en España (Registro nro. 5214)
[ vista simple ]
| 000 -CABECERA | |
|---|---|
| campo de control de longitud fija | 00716aam a2200229 4500 |
| 005 - FECHA Y HORA DE ACTUALIZACIÓN | |
| campo de control | 20170127091209.0 |
| 008 - LONGITUD FIJA | |
| campo de control de longitud fija | 150507b xxu||||| |||| 00| 0 spa d |
| 041 ## - IDIOMA | |
| Código de idioma del texto/pista de sonido o título separado | |
| 082 ## - CLASIFICACIÓN DECIMAL DEWEY | |
| Número de clasificación | 1.0.61 P981t |
| 100 ## - AUTOR PERSONAL | |
| Nombre de persona | Pulido Fernández, Juan Ignacio |
| 245 ## - TÍTULO PROPIAMENTE DICHO | |
| Título | El turismo rural: estructura económica y configuración territorial en España |
| 260 ## - PIE DE IMPRENTA | |
| Lugar de publicación, distribución, etc. | España |
| Nombre del editor, distribuidor, etc. | Sintesis |
| 300 ## - DESCRIPCIÓN FÍSICA | |
| Extensión | 345 páginas |
| 650 ## - Materia General | |
| Materia general | TURISMO RURAL |
| 650 ## - Materia General | |
| Materia general | DESARROLLO LOCAL |
| 650 ## - Materia General | |
| Materia general | DESTINOS TURÍSTICOS |
| 650 ## - Materia General | |
| Materia general | ORDENACIÓN JURÍDICA |
| 650 ## - Materia General | |
| Materia general | ORDENACIÓN TERRITORIAL |
| 650 ## - Materia General | |
| Materia general | ESTRUCTURA TURÍSTICA |
| 650 ## - Materia General | |
| Materia general | MARKETING TURÍSTICO |
| 942 ## - Punto de Acceso Adicional Koha | |
| Tipo de ítem Koha | Libro |
| Estado perdido | Estado dañado | No para préstamo | Biblioteca permanente | Biblioteca actual | Signatura completa | Código de barras | Precio efectivo a partir del | Tipo de ítem |
|---|---|---|---|---|---|---|---|---|
| Departamento de Biblioteca y Documentación Alfonso Chase Brenes | Departamento de Biblioteca y Documentación Alfonso Chase Brenes | 1.0.61 P981t | 14299 | 27/01/2017 | Libro |